=LDR 00000nam 2200000 4500 =001 INLIS000000000036544 =005 20130612142327 =008 ***********************************Ind** =035 ##$$0010-061300000036544 =041 ##$$a Ind =082 ##$$a 636.589 =090 ##$$a 636.589, sar =100 ##$$a Sardjana, I Komang Wiarsa =245 ##$$a Anestesi Veteriner =260 ##$$a 2004 $b Yogyakarta =300 ##$$a 130 hlm =850 ##$$a NBPNMAT =990 ##$$a 0001/BPAP-NTB/2016 =990 ##$$a 00087777 =990 ##$$a 00085341 =990 ##$$a 00088379 =990 ##$$a 00087777